01045cam a22002531 4500001001300000003000400013005001700017008004100034010001700075035002000092040002600112042001200138050002100150060002200171100005500193245010500248260005600353300002500409500007600434500008900510500012000599504002800719700004400747med47001728 DLC20260227111603.0810815s1946 xx af 000 0 eng  amed47001728  a(OCoLC)14732844 aDLCcDNLMdOCoLCdDLC apremarc00aR11b.A76 vol. 30 aWC 542bZ69v 19461 aZilʹber, L. A.q(Lev Aleksandrovich),d1894-1966.10aFar Eastern tick-borne spring-summer (spring) encephalitisc[by] L. A. Silber and V. D. Soloviev ... aNew York,bAmerican-Soviet medical society,cc1946. a80 p.bill., plates. aIssued as Special supplement to the American review of Soviet medicine. a"Edited by Dr. Bernard D. Davis, Dr. Saul H. Fisher, and Dr. Jacob Heiman." - p. [2] a"Translated from original manuscript Vesenne-letni (vesenni) Kleshchevoi dalnevostochny entsefalit, 1944." - p. 74. a"References": p. 74-80.1 aSolovʹev, Valentin Dmitrievich,d1907-